[Event "NAYCC U12"]
[Site "Montreal CAN"]
[Date "2010.08.17"]
[Round "4"]
[White "Chen, Michael"]
[Black "Song, Michael"]
[Result "1/2-1/2"]
[WhiteElo "2015"]
[BlackElo "1543"]
[PlyCount "72"]
[EventDate "2010.08.16"]
[EventType "swiss"]
[EventRounds "7"]
[EventCountry "CAN"]

1. e4 e5 2. Nf3 Nf6 3. d4 exd4 4. e5 Nd5 5. Qxd4 Nb6 6. Bf4 Nc6 7. Qd1 Be7 8.
Be2 O-O 9. O-O f6 10. Bg3 fxe5 11. Nxe5 Nxe5 12. Bxe5 d6 13. Bg3 Bf6 14. c3 Bf5
15. Nd2 Kh8 16. Bf3 d5 17. Nb3 c6 18. Re1 Re8 19. Nc5 Rxe1+ 20. Qxe1 Qc8 21.
Qe2 Nd7 22. Nxd7 Qxd7 23. Re1 Kg8 24. Bf4 Bg6 25. Bg4 Bf5 26. Bh5 g6 27. Bf3 g5
28. g4 Bg6 29. Bg3 Re8 30. Qd2 Rxe1+ 31. Qxe1 Qe7 32. Qxe7 Bxe7 33. Bd1 Kf7 34.
f4 Bc5+ 35. Kg2 gxf4 36. Bxf4 d4 1/2-1/2

[Event "NAYCC U12"]
[Site "Montreal CAN"]
[Date "2010.08.17"]
[Round "4"]
[White "Chen, Peter"]
[Black "Colas, Joshua"]
[Result "1/2-1/2"]
[WhiteElo "1872"]
[BlackElo "2087"]
[PlyCount "77"]
[EventDate "2010.08.16"]
[EventType "swiss"]
[EventRounds "7"]
[EventCountry "CAN"]

1. e4 c5 2. Nf3 d6 3. d4 cxd4 4. Nxd4 Nf6 5. Nc3 a6 6. Be3 e5 7. Nf3 Qc7 8. Bd3
Be7 9. O-O b5 10. Nd2 b4 11. Ne2 Ng4 12. Nc4 Nxe3 13. Nxe3 Be6 14. Ng3 g6 15.
Qf3 Nc6 16. c3 bxc3 17. bxc3 O-O 18. Nef5 Bxf5 19. exf5 Bf6 20. Ne4 Bh8 21. Bc4
Nd4 22. cxd4 Qxc4 23. Nxd6 Qxd4 24. Rad1 Qf4 25. Qxf4 exf4 26. fxg6 fxg6 27.
Rfe1 Bc3 28. Re2 Rad8 29. Re6 Rd7 30. Rc1 Rfd8 31. Rxc3 Rxd6 32. Rxd6 Rxd6 33.
Kf1 g5 34. Ke2 Kg7 35. g3 fxg3 36. hxg3 Rf6 37. g4 h6 38. f3 Kf7 39. Rc7+
1/2-1/2

[Event "NAYCC U12"]
[Site "Montreal CAN"]
[Date "2010.08.17"]
[Round "4"]
[White "Fay, Zachary"]
[Black "Harris, Gabriel"]
[Result "1-0"]
[WhiteElo "969"]
[BlackElo "1077"]
[PlyCount "67"]
[EventDate "2010.08.16"]
[EventType "swiss"]
[EventRounds "7"]
[EventCountry "CAN"]

1. e4 d6 2. d4 Nf6 3. Nc3 g6 4. Nf3 Bg7 5. Bc4 O-O 6. O-O a6 7. Bg5 Nbd7 8. Re1
c5 9. Nd5 Nxd5 10. Bxd5 Nf6 11. Bc4 b5 12. Bf1 Bb7 13. Bxf6 exf6 14. c3 c4 15.
b3 d5 16. exd5 Bxd5 17. bxc4 Bxc4 18. Bxc4 bxc4 19. Qa4 Qc8 20. Nd2 f5 21. Nxc4
Re8 22. Nb6 Rxe1+ 23. Rxe1 Qxc3 24. Kf1 Qd3+ 25. Kg1 Qd2 26. Rd1 Qxd1+ 27. Qxd1
Rb8 28. Nd5 Rd8 29. Ne7+ Kf8 30. Nc6 Rd6 31. Na5 Rxd4 32. Qe1 Ra4 33. Qd1 Rxa2
34. Qd8# 1-0

[Event "NAYCC U12"]
[Site "Montreal CAN"]
[Date "2010.08.17"]
[Round "4"]
[White "Kuttner, Simon"]
[Black "Liu, Yu Qing"]
[Result "1/2-1/2"]
[WhiteElo "1326"]
[BlackElo "1113"]
[PlyCount "116"]
[EventDate "2010.08.16"]
[EventType "swiss"]
[EventRounds "7"]
[EventCountry "CAN"]

1. e4 c6 2. d4 d5 3. e5 Bf5 4. Nf3 e6 5. Be3 Nd7 6. Bd3 Ne7 7. c3 g6 8. O-O Bg7
9. Be2 O-O 10. Nbd2 f6 11. exf6 Nxf6 12. h3 h5 13. Nh4 Qd6 14. Nxf5 Nxf5 15.
Bg5 Nh7 16. Nf3 Nxg5 17. Nxg5 Bh6 18. Nf3 Rf7 19. Bd3 Raf8 20. Qe2 Re7 21. Qe5
Bf4 22. Qxd6 Bxd6 23. Rfe1 Rfe8 24. Ne5 Kg7 25. Re2 c5 26. dxc5 Bxc5 27. Rae1
Kf6 28. a3 g5 29. Bxf5 Kxf5 30. Kf1 Kf6 31. c4 dxc4 32. Nxc4 e5 33. Nd2 Kf5 34.
Ne4 b6 35. b4 Bd4 36. Nd6+ Kf6 37. Nxe8+ Rxe8 38. Rc1 Re7 39. Rc6+ Kf5 40. Rd6
Rc7 41. Rd5 Rc3 42. Ra2 Rc7 43. f3 Ke6 44. Rd8 Rc1+ 45. Ke2 Rg1 46. Kd3 Rd1+
47. Kc4 a6 48. Kb3 Rc1 49. Rc2 Rg1 50. a4 b5 51. axb5 axb5 52. Ra8 Rb1+ 53. Ka3
Ra1+ 54. Ra2 Rb1 55. Rb8 Kd5 56. Rxb5+ Kc4 57. Rb8 Bc3 58. Rc8+ Kd3 1/2-1/2

[Event "NAYCC U12"]
[Site "Montreal CAN"]
[Date "2010.08.17"]
[Round "4"]
[White "Lagasse, Nicolas"]
[Black "Sanchez, Edgar"]
[Result "1/2-1/2"]
[WhiteElo "1059"]
[BlackElo "1087"]
[PlyCount "62"]
[EventDate "2010.08.16"]
[EventType "swiss"]
[EventRounds "7"]
[EventCountry "CAN"]

1. c4 c5 2. Nc3 Nc6 3. e4 d6 4. d3 e5 5. g3 Nf6 6. Bg2 Be7 7. Nge2 h6 8. O-O
O-O 9. f4 Bg4 10. h3 Bxe2 11. Qxe2 Nd4 12. Qd1 Nd7 13. f5 Bg5 14. Nd5 Bxc1 15.
Rxc1 Nf6 16. Kh2 Nxd5 17. cxd5 f6 18. Bf3 Nxf3+ 19. Qxf3 b5 20. Qd1 Qd7 21. a3
a5 22. Qd2 Rfb8 23. b4 cxb4 24. axb4 a4 25. Rc6 Rc8 26. Rfc1 Rxc6 27. Rxc6 Rc8
28. Qc3 Rb8 29. Rc7 Qe8 30. Qc6 Qxc6 31. dxc6 a3 1/2-1/2

[Event "NAYCC U12"]
[Site "Montreal CAN"]
[Date "2010.08.17"]
[Round "4"]
[White "Li, George"]
[Black "Budaghyan, David"]
[Result "1-0"]
[WhiteElo "1177"]
[BlackElo "877"]
[PlyCount "55"]
[EventDate "2010.08.16"]
[EventType "swiss"]
[EventRounds "7"]
[EventCountry "CAN"]

1. e4 c5 2. Nf3 Nc6 3. d4 cxd4 4. Nxd4 g6 5. Nxc6 bxc6 6. c4 Qa5+ 7. Bd2 Qc7 8.
Nc3 Bg7 9. Bd3 Nf6 10. Qe2 d6 11. O-O O-O 12. Rfe1 Nd7 13. Rad1 Ne5 14. Bf4 Rd8
15. h3 Bb7 16. Bc2 e6 17. b3 d5 18. exd5 f6 19. dxe6 Rxd1 20. Rxd1 Qe7 21. Bxe5
fxe5 22. Rd7 Qb4 23. Na4 Re8 24. Qe3 Ra8 25. Nc5 Bc8 26. Rd8+ Bf8 27. e7 Kf7
28. exf8=Q# 1-0

[Event "NAYCC U12"]
[Site "Montreal CAN"]
[Date "2010.08.17"]
[Round "4"]
[White "Li, Yinshi"]
[Black "Graif, William"]
[Result "0-1"]
[WhiteElo "1452"]
[BlackElo "1903"]
[PlyCount "63"]
[EventDate "2010.08.16"]
[EventType "swiss"]
[EventRounds "7"]
[EventCountry "CAN"]

1. d4 Nf6 2. c4 e6 3. Nc3 Bb4 4. e3 b6 5. a3 Bxc3+ 6. bxc3 Bb7 7. Nf3 Ne4 8.
Qc2 O-O 9. Bd3 f5 10. O-O d6 11. Qb3 Qf6 12. Bb2 Qg6 13. Qd1 Nd7 14. Re1 Rad8
15. Bf1 e5 16. a4 a5 17. g3 f4 18. Bg2 Ndf6 19. exf4 exf4 20. d5 Nc5 21. Nd4
Nd3 22. Re2 Rde8 23. Qc2 Rxe2 24. Qxe2 Re8 25. Qc2 Ng4 26. Rf1 fxg3 27. hxg3
Qh6 28. Nf3 Nde5 29. Rd1 Nxf3+ 30. Bxf3 Qh2+ 31. Kf1 Ne3+ 32. fxe3 0-1

[Event "NAYCC U12"]
[Site "Montreal CAN"]
[Date "2010.08.17"]
[Round "4"]
[White "Lim, Matthew"]
[Black "Song, Edward"]
[Result "1/2-1/2"]
[WhiteElo "1537"]
[BlackElo "1850"]
[PlyCount "58"]
[EventDate "2010.08.16"]
[EventType "swiss"]
[EventRounds "7"]
[EventCountry "CAN"]

1. d4 d5 2. c4 c6 3. Nf3 Nf6 4. Nc3 e6 5. e3 Nbd7 6. Bd3 dxc4 7. Bxc4 b5 8. Bd3
Bb7 9. O-O Be7 10. Bd2 O-O 11. Re1 a6 12. Qc2 c5 13. Ne4 Nxe4 14. Bxe4 Bxe4 15.
Qxe4 Nf6 16. Qc2 cxd4 17. Nxd4 Rc8 18. Qb3 Ne4 19. Bb4 Bxb4 20. Qxb4 Rc4 21.
Qa3 e5 22. Nf3 Rc2 23. Rf1 Nd2 24. Nxd2 Qxd2 25. Rad1 Qe2 26. Rde1 Qd2 27. Rd1
Qe2 28. Rde1 Qd2 29. Rd1 Qe2 1/2-1/2

[Event "NAYCC U12"]
[Site "Montreal CAN"]
[Date "2010.08.17"]
[Round "4"]
[White "Lim, Michael"]
[Black "McCleary, Reuben"]
[Result "1-0"]
[WhiteElo "1766"]
[BlackElo "1166"]
[PlyCount "85"]
[EventDate "2010.08.16"]
[EventType "swiss"]
[EventRounds "7"]
[EventCountry "CAN"]

1. d4 e6 2. c4 d5 3. Nc3 c5 4. cxd5 cxd4 5. Qxd4 Nc6 6. Qd1 exd5 7. e3 Nf6 8.
Bb5 Bb4 9. Bd2 Bd7 10. Nf3 O-O 11. O-O Qb6 12. Bd3 Rad8 13. a3 Bd6 14. b4 Ne5
15. Nxe5 Bxe5 16. Rc1 d4 17. exd4 Qxd4 18. Be3 Qh4 19. g3 Qh3 20. f4 Ng4 21.
Qe2 Bc6 22. Bf5 Qg2+ 23. Qxg2 Bxg2 24. Bxg4 Bxf1 25. Kxf1 Bb8 26. Bf3 b6 27.
Bc6 Rd3 28. Ke2 Rfd8 29. a4 Bc7 30. Bd5 Rxe3+ 31. Kxe3 Re8+ 32. Kf3 h6 33. Bb7
Bd6 34. b5 Bc5 35. Ne4 Bf8 36. Rc7 Rd8 37. Bc6 Rd3+ 38. Ke2 Rd4 39. Rxa7 Rc4
40. Bd5 Rc2+ 41. Kf3 Rxh2 42. Nf2 Rh5 43. Bxf7+ 1-0

[Event "NAYCC U12"]
[Site "Montreal CAN"]
[Date "2010.08.17"]
[Round "4"]
[White "Lim, Victor"]
[Black "Lusterio-Adler, Ben"]
[Result "1-0"]
[WhiteElo "1110"]
[BlackElo "436"]
[PlyCount "77"]
[EventDate "2010.08.16"]
[EventType "swiss"]
[EventRounds "7"]
[EventCountry "CAN"]

1. e4 d5 2. exd5 Qxd5 3. Nc3 Qd6 4. Nf3 Nf6 5. d4 g6 6. Bc4 Be6 7. Bxe6 Qxe6+
8. Be3 Bg7 9. O-O Qg4 10. Nb5 O-O 11. Nxc7 Nc6 12. Nxa8 Rxa8 13. Ne5 Nxe5 14.
dxe5 Qxd1 15. Raxd1 Rf8 16. exf6 Bxf6 17. Rfe1 Be5 18. Bxa7 Ra8 19. Bc5 f6 20.
Rd7 Ra5 21. Bxe7 Kf7 22. Rxb7 Rd5 23. c4 Rc5 24. Bxc5+ Ke6 25. a4 Kf5 26. a5
Kg4 27. a6 h5 28. a7 h4 29. a8=Q h3 30. Re4+ Kf5 31. Rxe5+ Kxe5 32. Qe8+ Kf5
33. g4+ Kxg4 34. Qe4+ Kg5 35. Be3+ Kh5 36. Rb5+ f5 37. Qf3+ Kh4 38. Qg3+ Kh5
39. Qg5# 1-0

[Event "NAYCC U12"]
[Site "Montreal CAN"]
[Date "2010.08.17"]
[Round "4"]
[White "Luo, Tony"]
[Black "Duong, Tin-Bryan"]
[Result "1-0"]
[WhiteElo "1169"]
[BlackElo "533"]
[PlyCount "56"]
[EventDate "2010.08.16"]
[EventType "swiss"]
[EventRounds "7"]
[EventCountry "CAN"]

1. e4 d5 2. exd5 Qxd5 3. Nc3 Qd8 4. Nf3 Bg4 5. d4 Nc6 6. Bb5 e6 7. O-O Nf6 8.
Bg5 Be7 9. Re1 O-O 10. Bxc6 bxc6 11. Qd3 c5 12. Ne2 Bxf3 13. Qxf3 cxd4 14. Rad1
c5 15. c3 e5 16. Qg3 Bd6 17. Bh6 g6 18. Bxf8 Qxf8 19. Qf3 e4 20. Qxf6 Bc7 21.
cxd4 Qh6 22. g3 c4 23. Qc6 Qh3 24. Qxa8+ Kg7 25. Qxe4 Ba5 26. Qe5+ f6 27. Qxa5
h5 28. Nf4 Qe6 1-0

[Event "NAYCC U12"]
[Site "Montreal CAN"]
[Date "2010.08.17"]
[Round "4"]
[White "Ponomarev, Alexander"]
[Black "Gao, Ying Chen"]
[Result "0-1"]
[WhiteElo "911"]
[BlackElo "1222"]
[PlyCount "116"]
[EventDate "2010.08.16"]
[EventType "swiss"]
[EventRounds "7"]
[EventCountry "CAN"]

1. e4 e5 2. Nf3 Nc6 3. Bc4 Bc5 4. d3 d6 5. Be3 Bb6 6. Nc3 Bg4 7. O-O Nf6 8. h3
Bh5 9. Rc1 Qd7 10. a3 Ne7 11. Qe2 Ng6 12. Bxb6 axb6 13. Qe3 O-O 14. Ne2 c6 15.
d4 d5 16. exd5 cxd5 17. Bb3 Bxf3 18. Qxf3 Rfd8 19. c4 Ne4 20. Rfd1 Ng5 21. Qxd5
Qxd5 22. cxd5 exd4 23. Nxd4 Rac8 24. Rxc8 Rxc8 25. d6 Rd8 26. Nb5 Ne4 27. Rd4
Nc5 28. Ba4 Nxa4 29. Rxa4 f6 30. Ra7 Rd7 31. Ra8+ Kf7 32. Rc8 Ke6 33. Rc1 Ne5
34. Re1 Kd5 35. f4 Nc4 36. Re7 Kc6 37. Na7+ Kxd6 38. Rxd7+ Kxd7 39. Kf2 Nxb2
40. Kf3 Ke6 41. Ke4 Nc4 42. Nb5 Nd6+ 43. Nxd6 Kxd6 44. Kd4 f5 45. g4 g6 46. g5
b5 47. h4 b6 48. Kc3 Kc5 49. Kb3 b4 50. axb4+ Kd4 51. Ka4 Kc4 52. Ka3 b5 53.
Kb2 Kxb4 54. Kc2 Ka3 55. Kb1 Kb3 56. Kc1 Ka2 57. Kc2 b4 58. Kc1 b3 0-1

[Event "NAYCC U12"]
[Site "Montreal CAN"]
[Date "2010.08.17"]
[Round "4"]
[White "Shi, Diwen"]
[Black "Berman, Jacob"]
[Result "0-1"]
[WhiteElo "1577"]
[BlackElo "1634"]
[PlyCount "74"]
[EventDate "2010.08.16"]
[EventType "swiss"]
[EventRounds "7"]
[EventCountry "CAN"]

1. d4 e6 2. Nf3 d5 3. c4 Nf6 4. g3 c6 5. Bg2 dxc4 6. Ne5 Nbd7 7. Nxc4 Nb6 8.
Ne5 Bd7 9. Nc3 Bd6 10. O-O O-O 11. e4 c5 12. Bf4 Be7 13. d5 exd5 14. exd5 Bf5
15. d6 Qxd6 16. Ng6 Qd8 17. Qxd8 Bxd8 18. Nxf8 Be7 19. Nxh7 Bxh7 20. Bxb7 Rd8
21. Rfe1 Bf8 22. Rad1 Rxd1 23. Rxd1 Be7 24. b3 Bf5 25. Bd6 Bxd6 26. Rxd6 Nfd7
27. Be4 Be6 28. f4 g6 29. Kg2 Kg7 30. h3 Kf8 31. g4 Ke7 32. Rd2 Nf6 33. Kg3 c4
34. b4 Na4 35. Nd5+ Bxd5 36. Bxd5 Nc3 37. Rd4 Ne2+ 0-1

[Event "NAYCC U12"]
[Site "Montreal CAN"]
[Date "2010.08.17"]
[Round "4"]
[White "Sowa, Aidan"]
[Black "Baki, Shaumik"]
[Result "1-0"]
[WhiteElo "1136"]
[BlackElo "1210"]
[PlyCount "57"]
[EventDate "2010.08.16"]
[EventType "swiss"]
[EventRounds "7"]
[EventCountry "CAN"]

1. d4 d5 2. c4 e6 3. Nf3 Nf6 4. Nc3 c6 5. Bg5 Nbd7 6. e4 dxe4 7. Nxe4 Qa5+ 8.
Ned2 Ne4 9. Be3 Bb4 10. Bd3 Nxd2 11. Nxd2 O-O 12. O-O e5 13. Nb3 Qd8 14. Qg4
Nc5 15. Qe2 Nxb3 16. axb3 exd4 17. Bf4 Qf6 18. Be5 Qd8 19. Qh5 h6 20. Qf3 Re8
21. Qg3 Bg4 22. h3 f6 23. Bf4 Be2 24. Bxh6 Qd7 25. Bxe2 Rxe2 26. Ra4 a5 27.
Rfa1 Rd8 28. Rd1 d3 29. Rxd3 1-0

[Event "NAYCC U12"]
[Site "Montreal CAN"]
[Date "2010.08.17"]
[Round "4"]
[White "Williams, Justus"]
[Black "Zhu, Hong Rui"]
[Result "1/2-1/2"]
[WhiteElo "2167"]
[BlackElo "1706"]
[PlyCount "109"]
[EventDate "2010.08.16"]
[EventType "swiss"]
[EventRounds "7"]
[EventCountry "CAN"]

1. Nf3 c5 2. c4 Nc6 3. Nc3 e5 4. e3 Nge7 5. d4 cxd4 6. exd4 exd4 7. Nb5 d5 8.
Qa4 dxc4 9. Bxc4 Ng6 10. Nbxd4 Bd7 11. Qb3 Bb4+ 12. Kf1 O-O 13. Be3 a5 14. a3
Nxd4 15. Bxd4 Be7 16. h4 Bc6 17. Rd1 Qe8 18. Qc3 b5 19. Bxg7 bxc4 20. h5 Bb4
21. axb4 axb4 22. Qf6 Qe6 23. hxg6 Qxf6 24. Bxf6 fxg6 25. Be7 Rxf3 26. gxf3
Bxf3 27. Bxb4 Bxd1 28. Kg2 Bc2 29. Re1 Rb8 30. Bc3 Kf7 31. Ra1 h5 32. Ra7+ Ke6
33. Ra6+ Kd5 34. Ra5+ Kc6 35. Ra6+ Kd5 36. Ra5+ Ke6 37. Ra6+ Kf5 38. Ra5+ Ke6
39. Ra6+ Kd7 40. Ra7+ Ke8 41. Rc7 Bd3 42. Ra7 Rb5 43. Ra8+ Kd7 44. Ra7+ Ke6 45.
Ra6+ Kd5 46. Ra5 Rxa5 47. Bxa5 Ke4 48. Bc3 Kf5 49. Bb4 g5 50. Bc3 Kg4 51. Bd4
Be4+ 52. Kh2 Kf3 53. Be3 g4 54. Bd4 h4 55. Kg1 1/2-1/2

[Event "NAYCC U12"]
[Site "Montreal CAN"]
[Date "2010.08.18"]
[Round "5"]
[White "Baki, Shaumik"]
[Black "Kubrynski, Simon"]
[Result "1-0"]
[WhiteElo "1210"]
[BlackElo "962"]
[PlyCount "37"]
[EventDate "2010.08.16"]
[EventType "swiss"]
[EventRounds "7"]
[EventCountry "CAN"]

1. e4 e5 2. Nf3 Nf6 3. Nxe5 Qe7 4. Nf3 Nxe4 5. Be2 g6 6. d3 Nc5 7. Nc3 Bg7 8.
Be3 O-O 9. O-O Nba6 10. Qd2 d6 11. Bh6 Bxh6 12. Qxh6 Ne6 13. a3 b6 14. d4 f6
15. Bc4 Bb7 16. Rfe1 d5 17. Nxd5 Qd7 18. Nf4 Kh8 19. Nxg6+ 1-0

[Event "NAYCC U12"]
[Site "Montreal CAN"]
[Date "2010.08.18"]
[Round "5"]
[White "Berman, Jacob"]
[Black "Chen, Michael"]
[Result "0-1"]
[WhiteElo "1634"]
[BlackElo "2015"]
[PlyCount "110"]
[EventDate "2010.08.16"]
[EventType "swiss"]
[EventRounds "7"]
[EventCountry "CAN"]

1. d4 Nf6 2. c4 e6 3. Nc3 Bb4 4. Bg5 h6 5. Bh4 b6 6. e3 Bb7 7. Nf3 O-O 8. Be2
Be7 9. O-O d6 10. Qc2 Nbd7 11. Bxf6 Bxf6 12. e4 c5 13. d5 exd5 14. exd5 Re8 15.
Rfe1 Bc8 16. Bd3 Ne5 17. Nxe5 Bxe5 18. Re2 Bg4 19. f3 Bd7 20. Rae1 Qh4 21. g3
Qh5 22. g4 Bxh2+ 23. Kh1 Qh3 24. Rxe8+ Rxe8 25. Rxe8+ Bxe8 26. Bh7+ Kh8 27.
Qxh2 Qxf3+ 28. Qg2 Qxg2+ 29. Kxg2 Kxh7 30. Ne4 Bd7 31. Nxd6 Kg6 32. Kf3 Kf6 33.
Kg3 g6 34. Kh4 Ke7 35. Ne4 Bxg4 36. Kxg4 f5+ 37. Kf4 fxe4 38. Kxe4 h5 39. Kf4
h4 40. Kg4 g5 41. a4 Kd6 42. Kh3 Ke5 43. Kg4 Kf6 44. Kh3 Kf5 45. b3 a6 46. Kg2
g4 47. Kh2 g3+ 48. Kg2 Kg4 49. d6 h3+ 50. Kg1 Kf3 51. d7 h2+ 52. Kh1 Kf2 53.
d8=Q g2+ 54. Kxh2 g1=Q+ 55. Kh3 Qg3# 0-1

[Event "NAYCC U12"]
[Site "Montreal CAN"]
[Date "2010.08.18"]
[Round "5"]
[White "Colas, Joshua"]
[Black "Graif, William"]
[Result "1-0"]
[WhiteElo "2087"]
[BlackElo "1927"]
[PlyCount "129"]
[EventDate "2010.08.16"]
[EventType "swiss"]
[EventRounds "7"]
[EventCountry "CAN"]

1. e4 c5 2. Nf3 d6 3. d4 cxd4 4. Nxd4 Nf6 5. Nc3 g6 6. h3 Bg7 7. Be3 O-O 8. Bd3
e5 9. Nb3 d5 10. Bc5 Re8 11. Bb5 Bd7 12. exd5 Bxb5 13. Nxb5 Ne4 14. Bxa7 Nd7
15. Be3 f5 16. d6 Ndf6 17. Nc7 f4 18. Nxe8 fxe3 19. Nxf6+ Qxf6 20. Qd5+ Kh8 21.
O-O-O Nxf2 22. Qxb7 Rd8 23. Qe7 e2 24. Qxf6 exd1=Q+ 25. Rxd1 Bxf6 26. Rd5 Ne4
27. d7 Bg5+ 28. Kb1 Nf6 29. Rxe5 Rxd7 30. Rxg5 Rd1+ 31. Nc1 Ne4 32. c4 Nxg5 33.
Kc2 Rd7 34. b4 Ne6 35. c5 Kg8 36. Nd3 Kf8 37. Kc3 Ke8 38. c6 Rd6 39. b5 Nd4 40.
a4 Kd8 41. Kc4 Kc7 42. Nb4 Ne6 43. Nd5+ Kb8 44. a5 g5 45. Nb4 Rd4+ 46. Kc3 Rd6
47. b6 Nc7 48. bxc7+ Kxc7 49. Kc4 Rd1 50. Kb5 Rb1 51. a6 Kb8 52. Kc5 Rd1 53.
Kb6 Rb1 54. a7+ Ka8 55. c7 Rc1 56. Nd5 h5 57. Ne7 Rb1+ 58. Kc6 Rc1+ 59. Kd7
Kxa7 60. c8=Q Rxc8 61. Nxc8+ Kb7 62. Nd6+ Kb6 63. Ne4 g4 64. h4 Kb5 65. Nf6 1-0

[Event "NAYCC U12"]
[Site "Montreal CAN"]
[Date "2010.08.18"]
[Round "5"]
[White "Gao, Ying Chen"]
[Black "Cormier, Jonathan"]
[Result "1-0"]
[WhiteElo "1222"]
[BlackElo "929"]
[PlyCount "35"]
[EventDate "2010.08.16"]
[EventType "swiss"]
[EventRounds "7"]
[EventCountry "CAN"]

1. e4 e5 2. Nf3 Nc6 3. Bc4 b6 4. d3 h6 5. Nc3 Nf6 6. Be3 Bb7 7. Qe2 Bb4 8. a3
Bxc3+ 9. bxc3 Qe7 10. Nd2 O-O-O 11. f3 g5 12. d4 Kb8 13. Ba6 Ba8 14. a4 Na5 15.
Nc4 Bb7 16. Nxa5 Bxa6 17. Qxa6 bxa5 18. Rb1+ 1-0

[Event "NAYCC U12"]
[Site "Montreal CAN"]
[Date "2010.08.18"]
[Round "5"]
[White "Li, George"]
[Black "Li, Yinshi"]
[Result "0-1"]
[WhiteElo "1177"]
[BlackElo "1634"]
[PlyCount "154"]
[EventDate "2010.08.16"]
[EventType "swiss"]
[EventRounds "7"]
[EventCountry "CAN"]

1. e4 e6 2. c4 c6 3. Nc3 d5 4. cxd5 exd5 5. exd5 cxd5 6. d4 Nf6 7. Bg5 Be7 8.
Nf3 O-O 9. Bd3 Bg4 10. h3 Bh5 11. Qc2 h6 12. Bxf6 Bxf6 13. g4 Bg6 14. Bxg6 fxg6
15. Qxg6 Re8+ 16. Kd1 Nc6 17. Qd3 a6 18. a3 b5 19. h4 Kf7 20. Qf5 g6 21. Qxd5+
Qxd5 22. Nxd5 Red8 23. Nxf6 Kxf6 24. g5+ Kg7 25. Rc1 Nxd4 26. Rc7+ Kg8 27. Nxd4
Rxd4+ 28. Kc2 h5 29. Rc6 Kf7 30. Kc3 Rf4 31. Rh2 Ra7 32. Kd3 a5 33. Rc5 b4 34.
Ke3 Rg4 35. f3 Rg1 36. axb4 axb4 37. Rb5 Ra4 38. b3 Ra3 39. Rb2 Re1+ 40. Kf2
Rh1 41. Rxb4 Rh2+ 42. Ke3 Rxb2 43. Rb7+ Ke8 44. Rb8+ Kd7 45. Rb7+ Kc8 46. Rg7
Rbxb3+ 47. Ke4 Rb6 48. f4 Rb4+ 49. Ke5 Ra5+ 50. Kd6 Rb6+ 51. Ke7 Ra7+ 52. Kf8
Rxg7 53. Kxg7 Kd7 54. Kh6 Ke7 55. f5 gxf5+ 56. Kxh5 Kf7 57. g6+ Kg7 58. Kg5
Rxg6+ 59. Kxf5 Kh6 60. Kf4 Kh5 61. Kf5 Rg1 62. Kf4 Kxh4 63. Kf3 Rg4 64. Ke3 Kg5
65. Kf3 Ra4 66. Ke3 Kf5 67. Kd3 Ke5 68. Kc3 Kd5 69. Kb3 Rh4 70. Ka3 Kc5 71. Kb3
Rg4 72. Ka3 Rb4 73. Ka2 Kc4 74. Ka3 Rb8 75. Ka2 Kc3 76. Ka1 Kc2 77. Ka2 Ra8#
0-1

[Event "NAYCC U12"]
[Site "Montreal CAN"]
[Date "2010.08.18"]
[Round "5"]
[White "Lim, Victor"]
[Black "Shi, Diwen"]
[Result "0-1"]
[WhiteElo "1110"]
[BlackElo "1577"]
[PlyCount "62"]
[EventDate "2010.08.16"]
[EventType "swiss"]
[EventRounds "7"]
[EventCountry "CAN"]

1. e4 Nf6 2. Nc3 e5 3. Nf3 Nc6 4. Bc4 Nxe4 5. Nxe4 d5 6. Bd3 dxe4 7. Bxe4 Bg4
8. h3 Bh5 9. c3 Bd6 10. O-O O-O 11. d3 Qe7 12. Be3 f5 13. Bg5 Qe6 14. Bxc6 bxc6
15. Qd2 Bxf3 16. gxf3 f4 17. h4 h6 18. Bxf4 Rxf4 19. Rfe1 Qg6+ 20. Kf1 Rxf3 21.
Qe2 Raf8 22. Rad1 Rg3 23. Qc2 Rg1+ 24. Ke2 Qg4+ 25. Kd2 Rxf2+ 26. Kc1 Rxc2+ 27.
Kxc2 Rg2+ 28. Kc1 Qf4+ 29. Kb1 Qf2 30. Re2 Qxe2 31. Rd2 Qxd2 0-1

[Event "NAYCC U12"]
[Site "Montreal CAN"]
[Date "2010.08.18"]
[Round "5"]
[White "Luo, Tony"]
[Black "Lagasse, Nicolas"]
[Result "0-1"]
[WhiteElo "1246"]
[BlackElo "1099"]
[PlyCount "68"]
[EventDate "2010.08.16"]
[EventType "swiss"]
[EventRounds "7"]
[EventCountry "CAN"]

1. e4 c5 2. Nc3 Nc6 3. f4 e6 4. Nf3 d5 5. e5 Nge7 6. Be2 Nf5 7. O-O Bd7 8. Qe1
Qb6 9. d3 Ncd4 10. Nd1 Nxc2 11. Qc3 Nxa1 12. Bd2 Be7 13. Nf2 O-O 14. Rxa1 Rac8
15. Kh1 c4 16. Nh3 cxd3 17. Qxd3 a6 18. g4 Bb5 19. Qb3 Bxe2 20. Qxb6 Bxf3+ 21.
Kg1 Bc5+ 22. Qxc5 Rxc5 23. gxf5 Bg4 24. Bb4 Rc4 25. Bxf8 Bxh3 26. Bd6 Bxf5 27.
Rf1 Rc2 28. Ba3 Be4 29. Rd1 Rg2+ 30. Kf1 Rxh2 31. Rc1 Rh1+ 32. Ke2 Rxc1 33. Kd2
Rh1 34. Bc5 h5 0-1

[Event "NAYCC U12"]
[Site "Montreal CAN"]
[Date "2010.08.18"]
[Round "5"]
[White "Lusterio-Adler, Ben"]
[Black "Fay, Zachary"]
[Result "0-1"]
[WhiteElo "436"]
[BlackElo "969"]
[PlyCount "82"]
[EventDate "2010.08.16"]
[EventType "swiss"]
[EventRounds "7"]
[EventCountry "CAN"]

1. Nf3 Nc6 2. g3 e5 3. Bg2 d6 4. Nc3 Bf5 5. O-O Nf6 6. Nb5 d5 7. c3 Bc5 8. Ng5
O-O 9. d3 h6 10. Nf3 a6 11. Nh4 Bg4 12. Bf3 Bxf3 13. Nxf3 axb5 14. Nh4 b4 15.
Qc2 b6 16. Ng2 Re8 17. Nh4 bxc3 18. Qxc3 Nb4 19. Nf5 Nxa2 20. Bxh6 Nxc3 21.
Nxg7 Nxe2+ 22. Kg2 Rxa1 23. Rxa1 Re7 24. Nf5 Rd7 25. Bg5 Be7 26. Re1 Nd4 27.
Nh6+ Kf8 28. Rxe5 Ng8 29. Nf5 Nxf5 30. Rxf5 Bxg5 31. Re5 Qf6 32. Re2 c5 33. h4
Bxh4 34. gxh4 Qxh4 35. Rd2 Qg5+ 36. Kf1 Qxd2 37. b3 Re7 38. Kg2 Re2 39. Kf3
Rxf2+ 40. Kg3 Qf4+ 41. Kh3 Rh2# 0-1

[Event "NAYCC U12"]
[Site "Montreal CAN"]
[Date "2010.08.18"]
[Round "5"]
[White "McCleary, Reuben"]
[Black "Lim, Matthew"]
[Result "1/2-1/2"]
[WhiteElo "1630"]
[BlackElo "1537"]
[PlyCount "54"]
[EventDate "2010.08.16"]
[EventType "swiss"]
[EventRounds "7"]
[EventCountry "CAN"]

1. d4 d5 2. Nf3 Nf6 3. Bf4 e6 4. e3 c5 5. c3 Nc6 6. Bd3 Be7 7. h3 O-O 8. Nbd2
Qb6 9. Rb1 Bd7 10. Ne5 Nxe5 11. dxe5 Ne8 12. Qh5 f5 13. g4 g6 14. Qh6 Rf7 15.
Nf3 Bf8 16. Qh4 Be7 17. Qh6 Bf8 18. Qh4 Be7 19. Bg5 Bf8 20. Bh6 Ng7 21. Bg5 Qc6
22. Bf6 d4 23. Ng5 Nh5 24. Ke2 Nxf6 25. exf6 c4 26. Nxf7 cxd3+ 27. Kd2 dxe3+
1/2-1/2

[Event "NAYCC U12"]
[Site "Montreal CAN"]
[Date "2010.08.18"]
[Round "5"]
[White "Song, Michael"]
[Black "Lim, Michael"]
[Result "1-0"]
[WhiteElo "1543"]
[BlackElo "1766"]
[PlyCount "81"]
[EventDate "2010.08.16"]
[EventType "swiss"]
[EventRounds "7"]
[EventCountry "CAN"]

1. e4 e5 2. Nf3 Nc6 3. Bc4 Bc5 4. O-O Nf6 5. Nc3 d6 6. h3 O-O 7. d3 h6 8. Ne2
Be6 9. Bxe6 fxe6 10. c3 Bb6 11. b4 a6 12. a4 Qe7 13. Ba3 Qf7 14. b5 axb5 15.
axb5 Ne7 16. c4 Ng6 17. Qc2 Rfd8 18. Rfd1 d5 19. c5 Ba5 20. Bb2 d4 21. Ra4 b6
22. c6 Ne8 23. Rda1 Nd6 24. Qb3 Rf8 25. Rf1 Rfe8 26. Ba3 Rad8 27. Bxd6 Rxd6 28.
Qc2 Qf6 29. Nd2 Bxd2 30. Qxd2 Nf4 31. Ra7 Re7 32. Rfa1 Rd8 33. Rb7 Rf7 34. Nxf4
exf4 35. f3 e5 36. Raa7 Rc8 37. Qa2 Qd6 38. Qc4 Kf8 39. Rxb6 Qd8 40. Rbb7 Ra8
41. b6 1-0